|
|
|
|
| LEADER |
00000nam1a2200000 4500 |
| 001 |
315698 |
| 005 |
20231102002814.0 |
| 020 |
|
|
|a RU
|b 82-73883
|
| 035 |
|
|
|a (RuTPU)RU\TPU\book\341135
|
| 090 |
|
|
|a 315698
|
| 100 |
|
|
|a 20160305d1982 km y0rusy5003 ca
|
| 101 |
0 |
|
|a rus
|
| 102 |
|
|
|a RU
|
| 200 |
1 |
|
|a Применение ЭВМ для термодинамических расчетов металлургических процессов
|f Академия наук СССР (АН СССР), Уральский научный центр (УНЦ), Институт металлургии ; под ред. А. А. Щепеткина
|
| 210 |
|
|
|a Москва
|c Наука
|d 1982
|
| 215 |
|
|
|a 263 с.
|c ил.
|e 1 л. схем.
|
| 300 |
|
|
|a Авт. указаны на 8-й с.
|
| 320 |
|
|
|a Библиогр. в конце ст.
|
| 606 |
1 |
|
|a Металлургические процессы
|2 stltpush
|3 (RuTPU)RU\TPU\subj\74029
|9 86633
|
| 610 |
1 |
|
|a металлургические материалы
|
| 610 |
1 |
|
|a термодинамические расчеты
|
| 610 |
1 |
|
|a ЭВМ
|
| 610 |
1 |
|
|a применение
|
| 610 |
1 |
|
|a рабочие тела
|
| 610 |
1 |
|
|a равновесное состояние
|
| 610 |
1 |
|
|a алгоритмы
|
| 610 |
1 |
|
|a программы
|
| 610 |
1 |
|
|a термодинамические системы
|
| 610 |
1 |
|
|a вычисления
|
| 610 |
1 |
|
|a программные модули
|
| 610 |
1 |
|
|a аппроксимация
|
| 610 |
1 |
|
|a оксиды
|
| 610 |
1 |
|
|a нагревание
|
| 610 |
1 |
|
|a переменная валентность
|
| 675 |
|
|
|a 669.01
|z rus
|v 3
|
| 702 |
|
1 |
|a Щепеткин
|b А. А.
|g Анатолий Алексеевич
|4 340
|
| 712 |
0 |
2 |
|a Академия наук СССР (АН СССР)
|b Уральский научный центр (УНЦ)
|b Институт металлургии
|c (Свердловск)
|2 stltpush
|3 (RuTPU)RU\TPU\col\11568
|
| 801 |
|
0 |
|a RU
|b RuMRKP
|c 19950704
|g psbo
|
| 801 |
|
1 |
|a RU
|b 63413507
|c 20160305
|
| 801 |
|
2 |
|a RU
|b 63413507
|c 20191206
|g RCR
|
| 942 |
|
|
|c BK
|